Magnus Chase and the Gods of Asgard / (Record no. 21992)

000 -LEADER
fixed length control field 00565nam a22001937a 4500
003 - CONTROL NUMBER IDENTIFIER
control field OSt
005 - DATE AND TIME OF LATEST TRANSACTION
control field 20260127093909.0
008 - FIXED-LENGTH DATA ELEMENTS--GENERAL INFORMATION
fixed length control field 260127t2016 xxua|||| |||| 00| 0 eng d
020 ## - INTERNATIONAL STANDARD BOOK NUMBER
International Standard Book Number 9781484798218
040 ## - CATALOGING SOURCE
Transcribing agency CSU
100 ## - MAIN ENTRY--PERSONAL NAME
Personal name Riordan, Rick,
Relator term author.
245 ## - TITLE STATEMENT
Title Magnus Chase and the Gods of Asgard /
Statement of responsibility, etc by Rick Riordan.
250 ## - EDITION STATEMENT
Edition statement First edition.
260 ## - PUBLICATION, DISTRIBUTION, ETC. (IMPRINT)
Place of publication, distribution, etc United State of America:
Name of publisher, distributor, etc Disney,
Date of publication, distribution, etc c2016.
300 ## - PHYSICAL DESCRIPTION
Extent 468 pages:
Other physical details illustrations.
650 ## - SUBJECT ADDED ENTRY--TOPICAL TERM
Topical term or geographic name as entry element Action--Fiction.
700 ## - ADDED ENTRY--PERSONAL NAME
Personal name Gengaro-Kokmen, Michelle,
Relator term rune and symbol.
942 ## - ADDED ENTRY ELEMENTS (KOHA)
Source of classification or shelving scheme
Koha item type Books
Holdings
Price effective from Permanent Location Date last seen Not for loan Date acquired Source of classification or shelving scheme Koha item type Lost status Withdrawn status Source of acquisition Collection code Damaged status Barcode Shelving location Current Location Full call number
2026-01-27Cagayan State University - Carig Library2026-01-27 2026-01-27 Books  DonationChildren Section C000507Children SectionCagayan State University - Carig LibraryCS 813 R5858 2016

Cagayan State University University Library, Carig Campus
Tuguegarao City, Cagayan 3500 | www.csucarig.edu.ph

Powered by Koha